ARRUPE JESUIT UNIVERSITY

CORONAVIRUS -STOP THE SPREAD - CLEAN,DISINFECT,COVER

Communicating (Record no. 26150)

MARC details
000 -LEADER
fixed length control field 00476nam a2200193Ia 4500
003 - CONTROL NUMBER IDENTIFIER
control field 0100
008 - FIXED-LENGTH DATA ELEMENTS--GENERAL INFORMATION
fixed length control field 130303s9999 xx 000 0 und d
040 ## - CATALOGING SOURCE
Transcribing agency ARRUPELIB
050 ## - LIBRARY OF CONGRESS CALL NUMBER
Classification number P90.C624 1980
100 ## - MAIN ENTRY--PERSONAL NAME
Personal name Taylor, Anita
245 ## - TITLE STATEMENT
Title Communicating
250 ## - EDITION STATEMENT
Edition statement second edition
260 ## - PUBLICATION, DISTRIBUTION, ETC. (IMPRINT)
Place of publication, distribution, etc Englewood Cliffs, New Jersey
260 ## - PUBLICATION, DISTRIBUTION, ETC. (IMPRINT)
Name of publisher, distributor, etc Prentice-Hall Inc
260 ## - PUBLICATION, DISTRIBUTION, ETC. (IMPRINT)
-- 1980
300 ## - PHYSICAL DESCRIPTION
Extent 449p
700 ## - ADDED ENTRY--PERSONAL NAME
Personal name Rosegrant, TeresaMeyer, ArthurSamples, B. Thomas
942 00 - ADDED ENTRY ELEMENTS (KOHA)
Koha issues (borrowed), all copies 1
Holdings
Withdrawn status Lost status Source of classification or shelving scheme Damaged status Not for loan Collection code Home library Current library Shelving location Date acquired Total Checkouts Full call number Barcode Date last seen Date checked out Copy number Price effective from Koha item type
    Library of Congress Classification     Main Collection ARRUPE LIBRARY ARRUPE LIBRARY   04/03/2013 1 P90.C624 1980 46003053891 26/02/2019 29/01/2015 1 04/03/2013 Monograph ( Printed materials)

 

Arrupe Library. PO Box MP320 Mt Pleasant, Harare, Zimbabwe
263 242 745411|librarian@aju.ac.zw